000
00304nam a22001337a 4500
020
_a
9695100813
040
_c
Nust
082
_a
891.4393
_b
HAM
100
_a
A Hameed
_9
9242
245
_a
Jihad e Mission
260
_a
Lahore;
_b
Maqbool Academy,
_c
2000.
650
_2
Jihad e Mission
942
_2
ddc
_c
BK
999
_c
610857
_d
610857